Statistics for Simpsons Episode Parodies

Click here to take the quiz!

General Stats

  • This quiz has been taken 56 times
    (42 since last reset)
  • The average score is 24 of 39

Answer Stats

Episode TitleParody of% Correct
Bart to the FutureBack to the Future
90%
Homer AloneHome Alone
90%
The Great PhatsbyThe Great Gatsby
87%
Future-DramaFuturama
83%
How i Wet your MotherHow i Met your Mother
80%
Rome-Old and Julie-EhRomeo and Juliet
80%
Teenage Mutant Milk-caused HurdlesTeenage Mutant Ninja Turtles
80%
Black-eyed PleaseBlack Eyed Peas
77%
Tennis the MenaceDennis the Menace
77%
Kill GillKill Bill
77%
Orange is the New YellowOrange is the New Black
77%
Pulpit FrictionPulp Fiction
77%
Specs and the CitySex and the City
77%
The Cad and the HatThe Cat in the Hat
77%
Homer ScissorhandsEdward Scissorhands
73%
My Big Fat Geek WeddingMy Big Fat Greek Wedding
70%
The D'oh-cial NetworkThe Social Network
70%
Much Apu About NothingMuch Ado About Nothing
67%
The Princess GuideThe Princess Bride
67%
A Streetcar Named MargeA Streetcar Named Desire
60%
HomerlandHomeland
60%
The Day the Earth Stood CoolThe Day the Earth Stood Still
60%
Blazed and ConfusedDazed and Confused
57%
Four Regrettings and a FuneralFour Weddings and a Funeral
57%
Whiskey BusinessRisky Business
57%
The Ned-liest CatchThe Deadliest Catch
57%
The Food WifeThe Good Wife
57%
Theres Something about MarryingTheres Something about Mary
57%
The War of ArtThe Art of War
53%
The Great Louse DetectiveThe Great Mouse Detective
53%
Dude, Wheres my Ranch?Dude, Wheres my Car?
50%
Hungry, Hungry HomerHungry, Hungry Hippos
47%
Co-Dependants DayIndependance Day
43%
The Spy who Learned MeThe Spy who Loved Me
43%
Three Men and a Comic BookThree Men and a Baby
43%
BarthoodBoyhood
40%
Married to the BlobMarried to the Mob
37%
Dead Putting SocietyDead Poet Society
30%
The Fat and the FurriestThe Fat and the Furious
3%

Score Distribution

Percentile by Number Answered

Percent of People with Each Score

Your Score History

You have not taken this quiz since the last reset